01810nam a2200349 4500003000900000005001700009008004100026017001300067020001500080040004600095041000800141082002900149092000700178099003800185100005200223245014600275264006400421300002900485336002200514337002400536338003300560504006300593546010200656650004100758856005700799905001300856942001900869999001700888952018500905952018501090952018501275EG-GICUC20260121101228.0251116s1998 ua ||||fr|||| 00| 0 ara d a19988971 a9770255866 a EG-GICUCbarac EG-GICUCd EG-GICUCerda0 aara04221a341.851bع ب . م04221 aLaw1 12 341.851 ع ب . م 19980 aعبدالحميد الأحدب eمؤلف.10aموسوعة التحكيم.nالجزء الاول،pالتحكيم فى البلاد العربية /cعبدالحميد الأحدب . 0aالقاهرة؛bمطابع دار المعارف،c1998. a1208 ؛صفحةc24 سم 2rda contentatext 2rda mediaaComputer 2rda carrieraOnline Resource aيحتوي على اراجاعات ببليوجرافية  aالنص أغلبه باللغة العربية مع بعض النصوص الإنجليزية1 aالتحكيم - قانون دولي40uhttps://fll.law.cu.edu.eg/fulltext/bks/B12-00904.pdf a75eYara 2ddcn0cBKe21 c43624d43624 00102ddc40718القانون الدولي الخاصaCUbLAW1d2025-11-16l0oLaw1 12 341.851 ع ب . م 1998 1200904 V1,C1pB12-00904r2025-11-16 16:28:35t1w2025-11-16yBK 00102ddc40708القانون الدولي الخاصaCUbLAW1d2025-11-19l0oLaw1 12 341.851 ع ب . م 1998 1201448 V1,C2pB12-01448r2025-11-19 13:23:14t2w2025-11-19yBK 00102ddc40718القانون الدولي الخاصaCUbLAW2d2025-11-19l0oLaw2 12 341.851 ع ب . م 1998 1201449 V1,C3pB12-01449r2025-11-19 13:23:42t3w2025-11-19yBK